000 01471nam a2200301Ia 4500
003 OSt
005 20200903173601.0
008 191128s2012 ck fr 000 0 spa d
020 _a97895857092332
040 _aCO-JMCR
_cCO-JMCR
041 0 _aspa
082 0 4 _a362.104252 /
_bN964s
_223
100 1 _aNuñez, Jairo,
_einvestigador principal
_99767
245 1 3 _aLa sostenibilidad financiera del sistema de salud colombiano :
_bdinámica del gasto y principales retos de cara al futuro /
_cinvestigadores principales, Jairo Núñez, y Juan Gonzalo Zapata ; investigadores, Carlos Castañeda, Sandra Milena Fonseca y Jaime Ramírez
260 _aBogotá :
_bFedesarrollo,
_c2012
300 _a211 páginas ;
_c23 cm.
504 _aBibliografía: páginas 157-159
505 0 _aFinanciamiento de la salud en Colombia -- Regímenes especiales -- Regímenes Subsidiados -- Conclusiones -- Régimen contributivo -- Cadena de valor y rentabilidad del sector salud en Colombia
650 1 4 _aSistemas de salud
_zColombia
_99768
650 1 4 _aSalud
_xaspectos económicos
_zColombia
_99769
650 1 4 _aFinanciamiento de la salud
_zColombia
_99770
650 1 4 _aRégimen subsidiado de salud
_zColombia
_99771
700 1 _aZapata, Juan Gonzalo,
_d
_einvestigador principal
_99772
700 1 _aCastañeda, Carlos,
_einvestigador
_99773
700 1 _aFonseca, Sandra Milena,
_einvestigadora
_99774
700 1 _aRamírez, Jaime,
_einvestigador
_99775
942 _2ddc
_cBK
999 _c6318
_d6318